000 00691nam a22002177a 4500
003 UA-OsUOA
001 68192
007 ta
008 20100409b un ||||| |||| 00| 0 ukr d
100 _aДьяченко Я.Я.
090 _a330(477)
_bД91
942 _cSA
040 _aUA-OsUOA
_bukr
_cUA-OsUOA
_dUA-OsUOA
245 _aТеоретико-методологічні основи забезпечення цільового використання бюджетних коштів
300 _aС.13-27
955 _a0
041 _aukr
080 _a330(477)
773 0 _w68190
_tФінанси України
_dК.
_d2010
_g2
650 7 _a330 Економіка взагалі
_2UDC
999 _c354350
_d354350